书目信息 |
| 题名: |
图解电路
|
|
| 作者: | 岩泽孝治 , 中村征寿 著 ;李福寿 译 | |
| 分册: | ||
| 出版信息: | 北京 科学出版社 2001.05 |
|
| 页数: | 229页 | |
| 开本: | 20cm | |
| 丛书名: | OHM电子电气入门丛书 | |
| 单 册: | ||
| 中图分类: | TN , TM13 | |
| 科图分类: | ||
| 主题词: | 电路理论 | |
| 电子资源: | ||
| ISBN: | 7-03-008982-0 | |
| 000 | 00780nam0 2200253 45 | |
| 001 | 0255763959 | |
| 005 | 2002110815292395 | |
| 010 | @a7-03-008982-0@dRMB 20.50 | |
| 100 | @a20021108d2001 km y0chiy0120 ea | |
| 101 | 0 | @achi |
| 102 | @aCN@b110000 | |
| 200 | 1 | @a图解电路@Atu jie dian lu@f(日)岩泽孝治,中村征寿著@F(ri)yan ze xiao zhi,zhong cun zheng shou zhu@g李福寿译@Gli fu shou yi |
| 210 | @a北京@c科学出版社@d2001.05 | |
| 215 | @a229页@d20cm | |
| 225 | 2 | @aOHM电子电气入门丛书 |
| 410 | 0 | @12001 @aOHM电子电气入门丛书 |
| 606 | 0 | @a电路理论 |
| 690 | @aTN@v3 | |
| 690 | @aTM13@v4 | |
| 701 | 0 | @a岩泽孝治@Ayan ze xiao zhi@4著 |
| 701 | 0 | @a中村征寿@Azhong cun zheng shou@4著 |
| 702 | 0 | @a李福寿@Ali fu shou@4译 |
| 801 | 0 | @aCN@bPFT@c20021108 |
| 905 | @a10447@dTM13@eY079 | |
| 图解电路/(日)岩泽孝治,中村征寿著/李福寿译.-北京:科学出版社,2001.05 |
| 229页;20cm.-(OHM电子电气入门丛书) |
| ISBN 7-03-008982-0:RMB 20.50 |
| ● |
| 相关链接 |
|
|
|
正题名:图解电路
索取号:TM13/Y079
 
预约/预借
| 序号 | 登录号 | 条形码 | 馆藏地/架位号 | 状态 | 备注 |
| 1 | 369177 | 203691772 | 自科二线404/404自科库 16排1列6层/ [索取号:TM13/Y079] | 在馆 | |
| 2 | 369178 | 203691781 | 自科库301/301自科库 8排4列1层/ [索取号:TM13/Y079] | 在馆 | |
| 3 | 369179 | 203691790 | 自科库301/301自科库 8排4列1层/ [索取号:TM13/Y079] | 在馆 |